00338cam a22001097a 4500008004000000082002200040100002500062245004500087260005300132300001100185440003200196180718bn.d. xxu||||| |||| 00| 0 eng d aA81x5411 In2/51/6 aCensus of India 1951 aAssam district census handbook, Sibsagar aGauhatibSuperintendent, Census Operationscn.d. a381+p. aCensus of India 1951. Assam